[Event "EU-ch (Women) 18th"]
[Site "Riga"]
[Date "2017.04.15"]
[Round "5"]
[White "Maklakova, Nellija"]
[Black "Lickrastina, Agnese"]
[Result "1/2-1/2"]
[WhiteElo "1829"]
[BlackElo "2223"]
[PlyCount "20"]
[EventDate "2017.04.11"]
[EventType "swiss"]
[EventRounds "11"]
[EventCountry "LAT"]
[SourceTitle "CBM 177 Extra"]
[Source "ChessBase"]
[SourceDate "2017.04.27"]
[SourceVersion "1"]
[SourceVersionDate "2017.04.27"]
[SourceQuality "1"]

1. e4 e5 2. Nf3 Nc6 3. Bb5 a6 4. Ba4 Nf6 5. 0-0 b5 6. Bb3 Be7 7. Re1 0-0 8. c3 d6 9. h3 Bb7 10. d4 h6 1/2-1/2